000 00569cam a22002053a 4500
001 46067
003 PGUSA
005 20140828084058.0
008 140621s2014||||xxu|||||s|||||000 | eng d
040 _aPGUSA
_beng
042 _adc
100 1 _aCaulfeild, Vivian
245 1 0 _aHow To Ski and How Not To
_h[electronic resource] /
_cVivian Caulfeild
260 _bProject Gutenberg,
_c2014
506 _aPublic domain in the USA.
516 _aElectronic text
830 0 _aProject Gutenberg
_v46067
856 4 0 _uhttp://www.gutenberg.org/ebooks/46067
942 _cEB
999 _c275316
_d275316